00493nam a22001697a 450000500170000000800410001702000180005804000210007604100080009708200170010510000320012224500750015425000120022926000330024130000100027465000390028420260515115046.0250225b |||||||| |||| 00| 0 eng d a9789358499285 aIN-DiNCcIN-DiNC dasm a301.092bBHU aBhuyan, Dilip Kumareauthor aSamajtattwik chintabid-dwitia khanda (Major 6)/cby Dilip Kumar Bhuyan a1st ed. aDibrugarh:bBanalata,c2024. a199p. aSociological thinkers-II (Major 6)